Capitals with letter R as Second Letter - Statistics

General Stats
  • This quiz has been taken 449 times
    448 since last reset
  • The average score is 8 of 12
Answer Stats
Capital % Correct
Brasília
83%
Bratislava
78%
Prague
73%
Pristina
72%
Praia
69%
Pretoria
66%
Sri Jayawardenepura Kotte
65%
Brussels
64%
Tripoli
64%
Brazzaville
60%
Freetown
59%
Bridgetown
54%
No matching quizzes found
Score Distribution
Percent of People with Each Score
Percentile by Number Answered
Your Score History
You have not taken this quiz since the last reset